[Event "Monarch Assurance Isle of Man 8th"]
[Site "Port Erin IOM"]
[Date "1999.11.06"]
[Round "1"]
[White "Agnos, Demetrios"]
[Black "Shipov, Sergei"]
[Result "1/2-1/2"]
[WhiteElo "2456"]
[BlackElo "2658"]
[PlyCount "97"]
[EventDate "1999.11.06"]
[EventType "swiss"]
[EventRounds "9"]
[EventCountry "IOM"]

1. Nf3 Nf6 2. g3 d5 3. Bg2 c6 4. O-O Bg4 5. d4 e6 6. Nbd2 Nbd7 7. Re1 Be7 8. e4
O-O 9. c3 c5 10. h3 Bh5 11. exd5 Nxd5 12. Qb3 cxd4 13. cxd4 Qb6 14. Ne5 Qxb3
15. Nxb3 Rfd8 16. Bxd5 Nxe5 17. Bxb7 Nf3+ 18. Bxf3 Bxf3 19. Bf4 g5 20. Be3 Rab8
21. Nd2 Bd5 22. b3 Rdc8 23. Rec1 f6 24. Nc4 Kf7 25. Kf1 h5 26. Ke2 Rc6 27. Kd3
Rbc8 28. f4 gxf4 29. Bxf4 Bg2 30. h4 Bh3 31. Ke2 Kg7 32. Bd2 Rd8 33. Na5 Rxc1
34. Rxc1 Rd7 35. Bf4 Bd8 36. Nc6 Bb6 37. a4 Bg2 38. a5 Bxd4 39. Nxd4 Rxd4 40.
Rc7+ Kg6 41. Rxa7 Rb4 42. Ra6 Kf5 43. Rb6 Rxb6 44. axb6 e5 45. Be3 Bb7 46. Bc5
Ke6 47. Ke3 f5 48. Bf8 Kd7 49. b4 1/2-1/2

[Event "Monarch Assurance Isle of Man 8th"]
[Site "Port Erin IOM"]
[Date "1999.11.06"]
[Round "1"]
[White "Allen, Keith"]
[Black "Rowson, Jonathan"]
[Result "0-1"]
[WhiteElo "2233"]
[BlackElo "2494"]
[PlyCount "142"]
[EventDate "1999.11.06"]
[EventType "swiss"]
[EventRounds "9"]
[EventCountry "IOM"]

1. d4 e6 2. c4 Nf6 3. Nc3 Bb4 4. Qc2 O-O 5. a3 Bxc3+ 6. Qxc3 b5 7. cxb5 c6 8.
Bg5 cxb5 9. e3 Bb7 10. Nf3 a6 11. Be2 Nc6 12. O-O Rc8 13. Qd3 Na5 14. Nd2 Nc4
15. Nxc4 bxc4 16. Qc3 h6 17. Bxf6 Qxf6 18. Rfc1 Qg5 19. f3 Rb8 20. Qd2 Bd5 21.
h4 Qxh4 22. e4 Ba8 23. Rxc4 d5 24. exd5 Bxd5 25. Rb4 a5 26. Rxb8 Rxb8 27. b4
axb4 28. axb4 h5 29. b5 Qg3 30. Qe3 f6 31. Rc1 h4 32. Qf2 Qf4 33. Rb1 Rc8 34.
b6 g5 35. Bf1 Bb7 36. Qb2 h3 37. gxh3 Qxf3 38. Qg2 Qe3+ 39. Qf2 Qe4 40. Qg2
Qxd4+ 41. Qf2 Qe4 42. Qg2 Qxb1 43. Qxb7 Rc1 44. Qa6 Rxf1+ 45. Qxf1 Qxb6+ 46.
Kh1 Kf7 47. Qd3 Qc6+ 48. Kh2 Kg7 49. Kg3 Qd5 50. Qa6 Kg6 51. Qa4 Qe5+ 52. Kg2
Qe2+ 53. Kg3 Kf5 54. Qa7 Qe1+ 55. Kf3 Qc3+ 56. Kg2 Qd2+ 57. Kf3 Qd3+ 58. Kg2
Kf4 59. Qf2+ Ke5 60. Qb2+ Kf5 61. Qf2+ Kg6 62. Qb6 e5 63. Qe6 e4 64. Qe8+ Kf5
65. Qc8+ Kf4 66. Qc7+ Ke3 67. Qb6+ Qd4 68. Qb3+ Kd2 69. h4 gxh4 70. Qa2+ Ke1
71. Kh3 Qe3+ 0-1

[Event "Monarch Assurance Isle of Man 8th"]
[Site "Port Erin IOM"]
[Date "1999.11.06"]
[Round "1"]
[White "Benson, Paul"]
[Black "Goodger, Martyn"]
[Result "0-1"]
[WhiteElo "2067"]
[BlackElo "2185"]
[PlyCount "46"]
[EventDate "1999.11.06"]
[EventType "swiss"]
[EventRounds "9"]
[EventCountry "IOM"]

1. d4 f5 2. e4 fxe4 3. Nc3 Nf6 4. g4 h6 5. g5 hxg5 6. Bxg5 d5 7. f3 Bf5 8. Bg2
Nc6 9. Bxf6 exf6 10. fxe4 dxe4 11. d5 Ne5 12. Bxe4 Bxe4 13. Nxe4 Qe7 14. Qe2
Qb4+ 15. c3 Qa5 16. Nf3 Nxf3+ 17. Qxf3 O-O-O 18. O-O Rxd5 19. Ng3 Qb6+ 20. Kh1
Rd2 21. Qf5+ Kb8 22. h3 Qxb2 23. Qe4 Rxh3+ 0-1

[Event "Monarch Assurance Isle of Man 8th"]
[Site "Port Erin IOM"]
[Date "1999.11.06"]
[Round "1"]
[White "Bourne, James"]
[Black "Murtagh, Dermot"]
[Result "1/2-1/2"]
[WhiteElo "2105"]
[BlackElo "1791"]
[PlyCount "133"]
[EventDate "1999.11.06"]
[EventType "swiss"]
[EventRounds "9"]
[EventCountry "IOM"]

1. d4 Nf6 2. Nf3 g6 3. c4 c5 4. Nc3 Bg7 5. d5 d6 6. e4 O-O 7. Bd3 Bg4 8. h3 Bd7
9. O-O b5 10. cxb5 a6 11. bxa6 Nxa6 12. Bxa6 Rxa6 13. Nd2 Qa5 14. Qe2 Rb8 15.
Nc4 Bb5 16. Nxa5 Bxe2 17. Nxe2 Rxa5 18. Nc3 Nd7 19. Re1 Ne5 20. Re2 Rba8 21.
Bg5 R8a7 22. Rd1 c4 23. Be3 Ra8 24. Bd4 Rb8 25. Rdd2 Bh6 26. Rc2 Nd3 27. a3 Nc1
28. Re1 Nd3 29. Ree2 Nc1 30. Re1 Nd3 31. Ree2 Nc1 32. Rxc1 Bxc1 33. Na2 Bf4 34.
Nb4 Rab5 35. Rc2 Rxb4 36. axb4 Rxb4 37. f3 f5 38. Kf2 Kf7 39. g3 Bh6 40. Ke2
fxe4 41. fxe4 Bg5 42. h4 Bf6 43. Ke3 Rb3+ 44. Bc3 Be5 45. g4 e6 46. Rc1 h6 47.
g5 hxg5 48. hxg5 Ke7 49. Rc2 Bxc3 50. bxc3 e5 51. Rc1 Rb2 52. Ra1 Rg2 53. Ra7+
Kd8 54. Kf3 Rxg5 55. Ra4 Rg1 56. Rxc4 Kd7 57. Ra4 Rc1 58. Ra7+ Kd8 59. Rg7
Rxc3+ 60. Kg4 Re3 61. Rxg6 Ke7 62. Re6+ Kd7 63. Kf5 Rf3+ 64. Kg5 Rf4 65. Rh6
Rf1 66. Rf6 Rg1+ 67. Kf5 1/2-1/2

[Event "Monarch Assurance Isle of Man 8th"]
[Site "Port Erin IOM"]
[Date "1999.11.06"]
[Round "1"]
[White "Coleman, David"]
[Black "Parker, Jonathan"]
[Result "0-1"]
[WhiteElo "2240"]
[BlackElo "2523"]
[PlyCount "64"]
[EventDate "1999.11.06"]
[EventType "swiss"]
[EventRounds "9"]
[EventCountry "IOM"]

1. e4 e5 2. Nf3 Nc6 3. d4 exd4 4. Bc4 Bc5 5. c3 Nf6 6. cxd4 Bb4+ 7. Bd2 Nxe4 8.
Bxb4 Nxb4 9. Bxf7+ Kxf7 10. Qb3+ Kf8 11. Qxb4+ Qe7 12. Qxe7+ Kxe7 13. Na3 d6
14. O-O Re8 15. Rfe1 Kd8 16. Nc4 b6 17. d5 Bb7 18. Rad1 Nf6 19. Ne3 Kd7 20. g4
Re4 21. h3 Rae8 22. Ng5 R4e7 23. Rf1 Ba6 24. Rfe1 Bc4 25. b3 Bxd5 26. Nxh7 Bf3
27. Nxf6+ gxf6 28. Rd4 Rh8 29. Rf4 Rxh3 30. Rxf3 Rxf3 31. Kg2 Rf4 32. Rc1 c6
0-1

[Event "Monarch Assurance Isle of Man 8th"]
[Site "Port Erin IOM"]
[Date "1999.11.06"]
[Round "1"]
[White "Collins, Sam"]
[Black "Naes, Flovin Tor"]
[Result "1-0"]
[WhiteElo "2097"]
[BlackElo "2222"]
[PlyCount "79"]
[EventDate "1999.11.06"]
[EventType "swiss"]
[EventRounds "9"]
[EventCountry "IOM"]

1. e4 e5 2. Nf3 Nc6 3. Bb5 a6 4. Ba4 Nf6 5. O-O Nxe4 6. d4 b5 7. Bb3 d5 8. dxe5
Be6 9. Be3 Be7 10. c3 O-O 11. Nbd2 Nc5 12. Bc2 Nd7 13. Bf4 f6 14. exf6 Bxf6 15.
Qb1 h6 16. Re1 Bg4 17. Bg3 b4 18. cxb4 Nxb4 19. Bh7+ Kh8 20. a3 Nc6 21. Qc2
Bxb2 22. Ra2 Bf6 23. Qxc6 Kxh7 24. Bxc7 Qc8 25. Rc1 Ra7 26. Qc2+ Kh8 27. h3 Be6
28. Bd6 Qxc2 29. Raxc2 Rd8 30. Nb3 Bf5 31. Rc8 Rxc8 32. Rxc8+ Kh7 33. Nfd4 Bb1
34. Ne6 Ba2 35. Nbc5 d4 36. Nxd7 d3 37. Ndf8+ Kg8 38. Ng6+ Kh7 39. Nef4 Bg8 40.
Nf8+ 1-0

[Event "Monarch Assurance Isle of Man 8th"]
[Site "Port Erin IOM"]
[Date "1999.11.06"]
[Round "1"]
[White "Giddins, Stephen"]
[Black "Emms, John"]
[Result "0-1"]
[WhiteElo "2376"]
[BlackElo "2586"]
[PlyCount "94"]
[EventDate "1999.11.06"]
[EventType "swiss"]
[EventRounds "9"]
[EventCountry "IOM"]

1. Nf3 c5 2. c4 Nc6 3. Nc3 g6 4. e3 Nf6 5. d4 cxd4 6. exd4 d5 7. cxd5 Nxd5 8.
Qb3 Nxc3 9. Bc4 Nd5 10. Bxd5 e6 11. Bxc6+ bxc6 12. O-O Qd5 13. Qc2 Bg7 14. Bf4
O-O 15. Be5 f6 16. Bg3 Bb7 17. Rfe1 Rfe8 18. Re3 Rac8 19. Rc3 Bf8 20. a3 c5 21.
dxc5 Rxc5 22. Rxc5 Qxc5 23. Qxc5 Bxc5 24. Rc1 Rc8 25. Bf4 Kf7 26. b4 Bf8 27.
Rxc8 Bxc8 28. Nd2 e5 29. Be3 a6 30. Kf1 Ke6 31. f4 exf4 32. Bxf4 Kd5 33. Be3
Bd7 34. Ke2 Bd6 35. h3 Bb5+ 36. Kf3 Be5 37. Ne4 Bb2 38. Bd2 f5 39. Nc3+ Kc4 40.
Nxb5 axb5 41. g4 fxg4+ 42. Kxg4 Bxa3 43. Kg5 Bxb4 44. Bf4 Bf8 45. Kf6 b4 46.
Kf7 b3 47. Be5 Bb4 0-1

[Event "Monarch Assurance Isle of Man 8th"]
[Site "Port Erin IOM"]
[Date "1999.11.06"]
[Round "1"]
[White "Hank, Holger"]
[Black "Taylor, Peter"]
[Result "0-1"]
[WhiteElo "2063"]
[BlackElo "2164"]
[PlyCount "72"]
[EventDate "1999.11.06"]
[EventType "swiss"]
[EventRounds "9"]
[EventCountry "IOM"]

1. d4 d5 2. Nf3 Nf6 3. e3 Bf5 4. c4 c6 5. Nc3 e6 6. Qb3 Qb6 7. c5 Qc7 8. Qa4
Be7 9. b4 O-O 10. b5 b6 11. Ba3 bxc5 12. dxc5 Nfd7 13. bxc6 Nxc6 14. Nd4 Nxd4
15. exd4 Bf6 16. Rc1 Rfd8 17. Bb5 Nf8 18. O-O a6 19. Be2 e5 20. dxe5 Bxe5 21.
Bf3 Bxh2+ 22. Kh1 Be6 23. Rfd1 Bf4 24. Rb1 Qe5 25. Ne2 Bh6 26. Rb6 Bd7 27. Qc2
Bf5 28. Qa4 Be4 29. Bb2 Qe7 30. Rxa6 Rxa6 31. Qxa6 Bxf3 32. gxf3 Qxc5 33. Bd4
Qc2 34. Rg1 Ne6 35. Ng3 Nxd4 36. Nh5 Qf5 0-1

[Event "Monarch Assurance Isle of Man 8th"]
[Site "Port Erin IOM"]
[Date "1999.11.06"]
[Round "1"]
[White "Hebden, Mark"]
[Black "Farndon, David Alexander"]
[Result "1-0"]
[WhiteElo "2510"]
[BlackElo "2238"]
[PlyCount "65"]
[EventDate "1999.11.06"]
[EventType "swiss"]
[EventRounds "9"]
[EventCountry "IOM"]

1. d4 Nf6 2. Nf3 g6 3. Nc3 d5 4. Bf4 Bg7 5. e3 O-O 6. Be2 c5 7. Ne5 Nc6 8. O-O
cxd4 9. exd4 Qa5 10. Qd2 Rd8 11. a3 a6 12. Bf3 Bf5 13. Rfe1 Qb6 14. Na4 Qa7 15.
Nxc6 bxc6 16. c3 Re8 17. h3 Nd7 18. g4 Be6 19. Bg2 Qb7 20. b4 a5 21. Nc5 Nxc5
22. bxc5 Qd7 23. Qe3 h5 24. gxh5 gxh5 25. Qf3 h4 26. Re3 Bf5 27. Rae1 Ra7 28.
Qh5 Rb7 29. Qxh4 e6 30. Bf3 Bg6 31. Bh5 Bxh5 32. Qxh5 Qe7 33. Rg3 1-0

[Event "Monarch Assurance Isle of Man 8th"]
[Site "Port Erin IOM"]
[Date "1999.11.06"]
[Round "1"]
[White "Hunt, Adam"]
[Black "Lalic, Bogdan"]
[Result "1/2-1/2"]
[WhiteElo "2288"]
[BlackElo "2550"]
[PlyCount "67"]
[EventDate "1999.11.06"]
[EventType "swiss"]
[EventRounds "9"]
[EventCountry "IOM"]

1. e4 e6 2. d4 d5 3. Nc3 Nf6 4. Bg5 Bb4 5. e5 h6 6. Bd2 Bxc3 7. bxc3 Ne4 8. Qg4
g6 9. Bd3 Nxd2 10. Kxd2 c5 11. Nf3 Bd7 12. Qf4 Bc6 13. Rhb1 c4 14. Be2 Nd7 15.
h4 Qe7 16. g4 O-O-O 17. g5 h5 18. a4 a5 19. Ke1 Kc7 20. Qc1 Ra8 21. Qa3 Qxa3
22. Rxa3 Rhb8 23. Kd2 Nb6 24. Rba1 Nc8 25. Kc1 Ra6 26. Nd2 Ne7 27. Bf1 Nc8 28.
Be2 Na7 29. Nb1 Ra8 30. R3a2 b5 31. axb5 Nxb5 32. Kd2 a4 33. Na3 Nxa3 34. Rxa3
1/2-1/2

[Event "Monarch Assurance Isle of Man 8th"]
[Site "Port Erin IOM"]
[Date "1999.11.06"]
[Round "1"]
[White "Jackson, Adrian"]
[Black "Ellison, D George"]
[Result "1/2-1/2"]
[WhiteElo "2223"]
[BlackElo "2100"]
[PlyCount "38"]
[EventDate "1999.11.06"]
[EventType "swiss"]
[EventRounds "9"]
[EventCountry "IOM"]

1. d4 e6 2. Nf3 f5 3. g3 Nf6 4. Bg2 Be7 5. O-O O-O 6. c4 d6 7. Nc3 Qe8 8. Qc2
Qg6 9. Bg5 Nc6 10. Rad1 h6 11. Bc1 e5 12. d5 Nd8 13. Nb5 Ne8 14. c5 Bd7 15.
cxd6 cxd6 16. Qb3 a6 17. Nc3 Kh8 18. Na4 Bxa4 19. Qxa4 Rc8 1/2-1/2

[Event "Monarch Assurance Isle of Man 8th"]
[Site "Port Erin IOM"]
[Date "1999.11.06"]
[Round "1"]
[White "Kudrin, Sergei"]
[Black "Ryan, Joe"]
[Result "1-0"]
[WhiteElo "2525"]
[BlackElo "2280"]
[PlyCount "57"]
[EventDate "1999.11.06"]
[EventType "swiss"]
[EventRounds "9"]
[EventCountry "IOM"]

1. e4 e6 2. d4 d5 3. Nd2 Nf6 4. e5 Nfd7 5. Bd3 c5 6. c3 Nc6 7. Ne2 cxd4 8. cxd4
f6 9. exf6 Nxf6 10. Nf3 Bd6 11. O-O Qc7 12. g3 O-O 13. Bf4 Ng4 14. Bxd6 Qxd6
15. Nc3 e5 16. dxe5 Qh6 17. h4 Ngxe5 18. Ng5 d4 19. Ne2 g6 20. Be4 d3 21. Bxd3
Nxd3 22. Qxd3 Qg7 23. Nf4 Qxb2 24. Rae1 Bf5 25. Qd5+ Kh8 26. Nfe6 Bxe6 27. Nxe6
Rf5 28. Qd7 Rb8 29. Rb1 1-0

[Event "Monarch Assurance Isle of Man 8th"]
[Site "Port Erin IOM"]
[Date "1999.11.06"]
[Round "1"]
[White "Longson, Alex"]
[Black "Fraser-Mitchell, Jeremy"]
[Result "0-1"]
[WhiteElo "2169"]
[BlackElo "2066"]
[PlyCount "56"]
[EventDate "1999.11.06"]
[EventType "swiss"]
[EventRounds "9"]
[EventCountry "IOM"]

1. e4 e6 2. d3 d5 3. Nd2 c5 4. Ngf3 Nc6 5. g3 Bd6 6. Bg2 Nge7 7. O-O Qc7 8. Re1
O-O 9. Qe2 f6 10. Nf1 Bd7 11. Ne3 Be8 12. c3 Bf7 13. Nd2 Rab8 14. f4 d4 15.
Nec4 e5 16. fxe5 Bxe5 17. Nxe5 Nxe5 18. Nf3 N7c6 19. Nxe5 fxe5 20. Bf3 b5 21.
Bh5 Bxh5 22. Qxh5 Qf7 23. Qe2 Qf3 24. a4 b4 25. Qc2 bxc3 26. bxc3 dxc3 27. Qxc3
Nd4 28. Ra2 Qf7 0-1

[Event "Monarch Assurance Isle of Man 8th"]
[Site "Port Erin IOM"]
[Date "1999.11.06"]
[Round "1"]
[White "Marusenko, Petr"]
[Black "Baburin, Alexander"]
[Result "1/2-1/2"]
[WhiteElo "2406"]
[BlackElo "2593"]
[PlyCount "93"]
[EventDate "1999.11.06"]
[EventType "swiss"]
[EventRounds "9"]
[EventCountry "IOM"]

1. e4 Nf6 2. e5 Nd5 3. d4 d6 4. Nf3 Bg4 5. Be2 e6 6. O-O Be7 7. c4 Nb6 8. Nc3
O-O 9. h3 Bh5 10. Be3 d5 11. c5 Bxf3 12. gxf3 Nc8 13. f4 Nc6 14. Bd3 f5 15. a3
a6 16. b4 Kh8 17. Kh2 Rg8 18. Qf3 Qe8 19. Rab1 Nd8 20. b5 axb5 21. Nxb5 Qd7 22.
Rb3 Na7 23. Nxa7 Rxa7 24. Rfb1 Qe8 25. Be2 Qg6 26. Qh5 Qxh5 27. Bxh5 Bh4 28.
Be2 g6 29. Bb5 c6 30. Be2 Rg7 31. Ra1 Nf7 32. Rab1 Nh6 33. a4 Bd8 34. Kg2 Ba5
35. Kf3 Kg8 36. Bc1 Kf8 37. Ba3 Ke8 38. Bb4 Bxb4 39. Rxb4 Kd8 40. a5 Rc7 41.
Ra1 Ng8 42. Ke3 Ne7 43. Ra2 Rc8 44. h4 Ng8 45. Rba4 Kc7 46. Ra1 h6 47. Kd3
1/2-1/2

[Event "Monarch Assurance Isle of Man 8th"]
[Site "Port Erin IOM"]
[Date "1999.11.06"]
[Round "1"]
[White "McLean, John"]
[Black "Nicholson, John"]
[Result "1/2-1/2"]
[WhiteElo "2135"]
[BlackElo "2023"]
[PlyCount "38"]
[EventDate "1999.11.06"]
[EventType "swiss"]
[EventRounds "9"]
[EventCountry "IOM"]

1. e4 c5 2. Nf3 e6 3. d4 cxd4 4. Nxd4 a6 5. Bd3 Qc7 6. O-O Nc6 7. Be3 Nf6 8.
Nd2 d5 9. Nxc6 bxc6 10. exd5 Nxd5 11. Nc4 Nxe3 12. Nxe3 Bd6 13. g3 O-O 14. Nc4
f5 15. Nxd6 Qxd6 16. Bc4 Qc5 17. Qe2 Kh8 18. Bb3 f4 19. Rae1 Qf5 1/2-1/2

[Event "Monarch Assurance Isle of Man 8th"]
[Site "Port Erin IOM"]
[Date "1999.11.06"]
[Round "1"]
[White "McLeod, Fraser"]
[Black "Hickman, John"]
[Result "1-0"]
[WhiteElo "1832"]
[BlackElo "2125"]
[PlyCount "71"]
[EventDate "1999.11.06"]
[EventType "swiss"]
[EventRounds "9"]
[EventCountry "IOM"]

1. d4 d6 2. e4 Nf6 3. Nc3 c6 4. f4 Qa5 5. Bd3 e5 6. Nf3 Bg4 7. fxe5 dxe5 8.
dxe5 Nfd7 9. Bf4 Be7 10. O-O Qb6+ 11. Kh1 Qxb2 12. Qe1 Nc5 13. Bd2 Qb6 14. Qg3
h5 15. Ng5 f6 16. exf6 gxf6 17. Nh3 Nbd7 18. Rab1 Qd8 19. Bf4 Rg8 20. Bc4 Be6
21. Qxg8+ Bxg8 22. Bxg8 Qa5 23. Rf3 O-O-O 24. Bf7 Na4 25. Ne2 Ne5 26. Rfb3 Nxf7
27. Rxb7 Rd1+ 28. Rxd1 Kxb7 29. Rd7+ Ka6 30. Rxe7 Ne5 31. Re6 Qe1+ 32. Nhg1 Ng4
33. Rxc6+ Kb5 34. Nd4+ Kb4 35. c3+ Ka3 36. Nc2+ 1-0

[Event "Monarch Assurance Isle of Man 8th"]
[Site "Port Erin IOM"]
[Date "1999.11.06"]
[Round "1"]
[White "Ormsby, Alan"]
[Black "Hill, David"]
[Result "1-0"]
[WhiteElo "1568"]
[BlackElo "2024"]
[PlyCount "81"]
[EventDate "1999.11.06"]
[EventType "swiss"]
[EventRounds "9"]
[EventCountry "IOM"]

1. e4 c5 2. Nf3 e6 3. d4 cxd4 4. Nxd4 a6 5. Nc3 Qc7 6. Bd3 Nf6 7. O-O Bc5 8.
Nb3 Be7 9. Be3 d6 10. a4 b6 11. Qe2 Nbd7 12. f4 Bb7 13. Rae1 O-O 14. Bc1 e5 15.
f5 d5 16. exd5 Nxd5 17. Nxd5 Bxd5 18. Be4 Bc4 19. Bd3 Bxd3 20. Qxd3 Rfd8 21.
Qe4 Rac8 22. Re2 Qc4 23. Qxc4 Rxc4 24. a5 b5 25. Be3 Rdc8 26. Rd1 Nb8 27. Bb6
Rxc2 28. Rxe5 Bf6 29. Red5 Rxb2 30. Nc5 h5 31. Ne4 Nc6 32. Nxf6+ gxf6 33. Rd6
Ne5 34. Rd8+ Rxd8 35. Bxd8 Ra2 36. Bxf6 Nc6 37. Rc1 Ne7 38. Bxe7 Rxa5 39. Bf6
Kh7 40. h4 Ra4 41. Rc8 1-0

[Event "Monarch Assurance Isle of Man 8th"]
[Site "Port Erin IOM"]
[Date "1999.11.06"]
[Round "1"]
[White "Paschall, William"]
[Black "Kiriakov, Petr"]
[Result "1/2-1/2"]
[WhiteElo "2332"]
[BlackElo "2554"]
[PlyCount "85"]
[EventDate "1999.11.06"]
[EventType "swiss"]
[EventRounds "9"]
[EventCountry "IOM"]

1. e4 e6 2. d4 d5 3. Nc3 Nf6 4. e5 Nfd7 5. f4 c5 6. Nf3 Nc6 7. Be3 a6 8. Qd2 b5
9. Be2 b4 10. Nd1 Qb6 11. O-O cxd4 12. Nxd4 Nxd4 13. Bxd4 Qxd4+ 14. Qxd4 Bc5
15. c3 bxc3 16. bxc3 Ke7 17. Rb1 a5 18. Nf2 Bxd4 19. cxd4 Ba6 20. Bxa6 Rxa6 21.
Rfc1 Rha8 22. Nd3 Kd8 23. Nc5 Nxc5 24. Rxc5 R6a7 25. a4 Rc8 26. Rbb5 Rxc5 27.
Rxc5 g6 28. Kf2 Ke7 29. g4 h6 30. f5 Kd7 31. Rb5 Kc7 32. h4 Ra8 33. Ke3 Kc6 34.
h5 gxf5 35. gxf5 Kc7 36. fxe6 fxe6 37. Rc5+ Kd7 38. Kd3 Ra6 39. Rc1 Rb6 40. Rc5
Ra6 41. Rb5 Kc7 42. Rb1 Rb6 43. Rxb6 1/2-1/2

[Event "Monarch Assurance Isle of Man 8th"]
[Site "Port Erin IOM"]
[Date "1999.11.06"]
[Round "1"]
[White "Peters, Stephen"]
[Black "Winfridsson, Hakan"]
[Result "1/2-1/2"]
[WhiteElo "2158"]
[BlackElo "2045"]
[PlyCount "110"]
[EventDate "1999.11.06"]
[EventType "swiss"]
[EventRounds "9"]
[EventCountry "IOM"]

1. d4 Nf6 2. c4 g6 3. Nc3 d5 4. cxd5 Nxd5 5. e4 Nxc3 6. bxc3 Bg7 7. Bc4 c5 8.
Ne2 Nc6 9. Be3 O-O 10. O-O Bg4 11. f3 Na5 12. Bd3 cxd4 13. cxd4 Be6 14. d5 Bd7
15. Rb1 b6 16. Ba6 Bc8 17. Bb5 a6 18. Bd3 b5 19. a4 Nc4 20. Bxc4 bxc4 21. Qc2
Bd7 22. Qxc4 Qa5 23. Rb4 Rab8 24. Rfb1 Rxb4 25. Rxb4 Rc8 26. Qb3 Qc7 27. Nd4
Bxd4 28. Rxd4 Qc3 29. Qxc3 Rxc3 30. Bh6 a5 31. e5 Rc5 32. g4 Rc3 33. Kf2 Rc2+
34. Kg3 Rc8 35. h3 Rb8 36. Rc4 Rc8 37. Re4 Rb8 38. Rc4 Rc8 39. Re4 Rb8 40. e6
fxe6 41. dxe6 Bc8 42. Re5 Rb6 43. Rxa5 Rxe6 44. Ra8 Rc6 45. Kf4 Kf7 46. Ke5 Rc2
47. a5 Re2+ 48. Kd4 Bb7 49. Rb8 Ba6 50. Rb6 Bc8 51. Rb8 Ba6 52. Kd5 g5 53. Bxg5
Ra2 54. h4 Rxa5+ 55. Ke4 Rb5 1/2-1/2

[Event "Monarch Assurance Isle of Man 8th"]
[Site "Port Erin IOM"]
[Date "1999.11.06"]
[Round "1"]
[White "Puuska, Heini"]
[Black "Spanton, Tim"]
[Result "1-0"]
[WhiteElo "2035"]
[BlackElo "2147"]
[PlyCount "75"]
[EventDate "1999.11.06"]
[EventType "swiss"]
[EventRounds "9"]
[EventCountry "IOM"]

1. d4 Nf6 2. c4 e6 3. Nc3 d5 4. cxd5 exd5 5. Bg5 Be7 6. e3 O-O 7. Bd3 Nbd7 8.
Nge2 Re8 9. Qc2 Nf8 10. O-O c6 11. f3 Nh5 12. Bxe7 Qxe7 13. e4 dxe4 14. fxe4
Be6 15. e5 Rad8 16. Ne4 Bd5 17. Nd6 Qg5 18. Rf2 Re7 19. Bc4 Bxc4 20. Qxc4 Ne6
21. Nxf7 Rxf7 22. Qxe6 Rdf8 23. Raf1 Qe3 24. g4 Nf6 25. Ng3 Re8 26. Qc4 Nd5 27.
Nf5 Qg5 28. Qe2 Ref8 29. h4 Qd8 30. e6 Rxf5 31. gxf5 Qxh4 32. Qe5 Qg5+ 33. Kh1
Ne3 34. e7 Re8 35. f6 Qh6+ 36. Rh2 Qxh2+ 37. Qxh2 Nxf1 38. Qg1 1-0

[Event "Monarch Assurance Isle of Man 8th"]
[Site "Port Erin IOM"]
[Date "1999.11.06"]
[Round "1"]
[White "Short, Nigel"]
[Black "Ward, Chris"]
[Result "1-0"]
[WhiteElo "2675"]
[BlackElo "2473"]
[PlyCount "53"]
[EventDate "1999.11.06"]
[EventType "swiss"]
[EventRounds "9"]
[EventCountry "IOM"]

1. e4 e6 2. d4 d5 3. e5 c5 4. c3 Qb6 5. Nf3 Bd7 6. Be2 cxd4 7. cxd4 Bb5 8. Nc3
Bxe2 9. Nxe2 Nc6 10. O-O O-O-O 11. Rb1 Kb8 12. b4 Rc8 13. Bd2 h6 14. a4 g5 15.
Bc3 Be7 16. Ne1 f5 17. Nd3 f4 18. Qd2 Nd8 19. b5 Qc7 20. Rfc1 Qd7 21. Bb4 Rc4
22. Nc5 Rxc1+ 23. Rxc1 Bxc5 24. Bxc5 b6 25. Bd6+ Kb7 26. Qb4 Rh7 27. a5 1-0

[Event "Monarch Assurance Isle of Man 8th"]
[Site "Port Erin IOM"]
[Date "1999.11.06"]
[Round "1"]
[White "Sutovsky, Emil"]
[Black "Daly, Colm"]
[Result "1/2-1/2"]
[WhiteElo "2587"]
[BlackElo "2378"]
[PlyCount "84"]
[EventDate "1999.11.06"]
[EventType "swiss"]
[EventRounds "9"]
[EventCountry "IOM"]

1. e4 e6 2. d4 d5 3. Nc3 Nf6 4. Bg5 Bb4 5. e5 h6 6. Bd2 Bxc3 7. bxc3 Ne4 8. Qg4
g6 9. Bd3 Nxd2 10. Kxd2 c5 11. Nf3 Nc6 12. Rhb1 c4 13. Be2 b6 14. h4 Bd7 15.
Nh2 Qe7 16. h5 O-O-O 17. hxg6 f6 18. Nf3 fxe5 19. Nxe5 Nxe5 20. dxe5 h5 21. Qd4
Rdg8 22. a4 Bc6 23. a5 b5 24. Rh1 h4 25. Rh3 Rxg6 26. g3 Rgh6 27. Rah1 b4 28.
cxb4 Qxb4+ 29. c3 Qxa5 30. Rxh4 Rxh4 31. Rxh4 Rxh4 32. gxh4 Qa2+ 33. Ke3 Qa3
34. Kf4 a5 35. h5 a4 36. h6 Qf8+ 37. Kg5 a3 38. Qb6 Qf5+ 39. Kh4 Qf4+ 40. Bg4
Qh2+ 41. Bh3 Qf4+ 42. Bg4 Qh2+ 1/2-1/2

[Event "Monarch Assurance Isle of Man 8th"]
[Site "Port Erin IOM"]
[Date "1999.11.06"]
[Round "1"]
[White "Thorfinnsson, Bjorn"]
[Black "Thiruchelvam, Murugan"]
[Result "1-0"]
[WhiteElo "2195"]
[BlackElo "2072"]
[PlyCount "77"]
[EventDate "1999.11.06"]
[EventType "swiss"]
[EventRounds "9"]
[EventCountry "IOM"]

1. d4 Nf6 2. Bg5 Ne4 3. Bh4 d5 4. e3 Bf5 5. Bd3 Bg6 6. Nf3 Nd7 7. O-O Nef6 8.
Ne5 e6 9. f4 Be7 10. Nd2 Nxe5 11. fxe5 Nd7 12. Bxg6 hxg6 13. Qf3 Rf8 14. Bg3 c6
15. e4 Qb6 16. Qd3 O-O-O 17. exd5 cxd5 18. c4 Nb8 19. c5 Qa6 20. Qc3 Nc6 21. b4
Bg5 22. Bf4 Bxf4 23. Rxf4 Qb5 24. Rb1 g5 25. Rff1 f6 26. Qe3 Rde8 27. h3 fxe5
28. Rxf8 Rxf8 29. dxe5 Rf5 30. Nf3 a5 31. a4 Qxa4 32. b5 d4 33. Qe4 Rf4 34. Qd3
Nb4 35. Qc4 Qa2 36. Rxb4 Qa1+ 37. Kh2 axb4 38. Qxe6+ Kb8 39. Qe8+ 1-0

[Event "Monarch Assurance Isle of Man 8th"]
[Site "Port Erin IOM"]
[Date "1999.11.07"]
[Round "2"]
[White "Baburin, Alexander"]
[Black "Thorfinnsson, Bjorn"]
[Result "1-0"]
[WhiteElo "2593"]
[BlackElo "2195"]
[PlyCount "65"]
[EventDate "1999.11.06"]
[EventType "swiss"]
[EventRounds "9"]
[EventCountry "IOM"]

1. d4 d5 2. c4 c6 3. e3 Bf5 4. cxd5 cxd5 5. Qb3 Qd7 6. Nf3 f6 7. Nc3 e6 8. Bd2
Nc6 9. Rc1 Bd6 10. Na4 Nge7 11. Nc5 Bxc5 12. Rxc5 g5 13. Be2 h5 14. O-O Kf7 15.
Rfc1 h4 16. h3 Rag8 17. Nh2 e5 18. dxe5 g4 19. hxg4 Bxg4 20. Nxg4 h3 21. Qa4 f5
22. Qf4 Ng6 23. Nh6+ Ke8 24. Nxg8 Nxf4 25. Nf6+ Kd8 26. Nxd7 Nxe2+ 27. Kh2 Nxc1
28. Nf6 Nd3 29. Rxd5+ Ke7 30. Rxd3 Nxe5 31. Rd5 Kxf6 32. Bc3 hxg2+ 33. Kxg2 1-0

[Event "Monarch Assurance Isle of Man 8th"]
[Site "Port Erin IOM"]
[Date "1999.11.07"]
[Round "2"]
[White "Daly, Colm"]
[Black "Hunt, Adam"]
[Result "1/2-1/2"]
[WhiteElo "2378"]
[BlackElo "2288"]
[PlyCount "63"]
[EventDate "1999.11.06"]
[EventType "swiss"]
[EventRounds "9"]
[EventCountry "IOM"]

1. d4 Nf6 2. c4 g6 3. Nc3 Bg7 4. e4 d6 5. Nf3 O-O 6. Be2 e5 7. O-O Nc6 8. d5
Ne7 9. a4 Ne8 10. a5 c5 11. Qa4 Bd7 12. Qa3 Nc7 13. b4 b6 14. bxc5 bxc5 15. Ne1
f5 16. f3 f4 17. Nd3 Na6 18. Bd2 h5 19. Rfb1 g5 20. Nb5 Bc8 21. Nf2 Kh8 22. Rb3
Ng8 23. Rab1 Nf6 24. h3 Rg8 25. Qc1 Bh6 26. Qd1 Kh7 27. R1b2 Rg7 28. Be1 Qe7
29. Nc3 Qf8 30. Ra3 Qg8 31. Nb5 Qf8 32. Nc3 1/2-1/2